Adományból vásárolt a szívsebészeti klinika
Elmentve itt :
| Dokumentumtípus: | Cikk |
|---|---|
| Megjelent: |
2004-07-01
|
| Sorozat: | Délmagyarország
94 No. 152 |
| Kulcsszavak: | Szívsebészeti Klinika |
| Online Access: | http://dmarchiv.bibl.u-szeged.hu/125548 |
| LEADER | 00429nab a2200145 i 4500 | ||
|---|---|---|---|
| 001 | delm125548 | ||
| 005 | 20191128135204.0 | ||
| 008 | 191128s2004 hu o 0|| hun d | ||
| 040 | |a SZTE Délmagyarország Archívum |b hun | ||
| 041 | |a hun | ||
| 245 | 0 | 0 | |a Adományból vásárolt a szívsebészeti klinika |h [elektronikus dokumentum] |
| 260 | |c 2004-07-01 | ||
| 300 | |a 4 | ||
| 490 | 0 | |a Délmagyarország |v 94 No. 152 | |
| 695 | |a Szívsebészeti Klinika | ||